Spolupráca medzi vysokými školami a praxou - úvod

Enregistré dans:
Détails bibliographiques
Auteur principal: Strhan, Rastislav, 1968-
Format: Chapitre de livre
Langue:slovaque
Tags: Ajouter un tag
Pas de tags, Soyez le premier à ajouter un tag!

MARC

LEADER 00000naa$a2200000$$$4500
001 0142296
005 20240502072541.3
041 0 |a slo 
044 |a SK 
245 1 0 |a Spolupráca medzi vysokými školami a praxou - úvod  |c Rastislav Strhan 
100 1 |a Strhan, Rastislav, 1968-